| 000 | 00000nam 2200000zi 4500 |
| 001 | 9.922189 |
| 003 | CaOODSP |
| 005 | 20230503091451 |
| 006 | m o d f |
| 007 | cr |n||||||||| |
| 008 | 230503e20230330onc o f|0| 0 fre d |
| 040 | |aCaOODSP|bfre|erda|cCaOODSP |
| 043 | |an-cn--- |
| 086 | 1 |aYN5-264/2023F-PDF |
| 245 | 00|aAnalyse distributive de la redevance fédérale sur les combustibles dans le cadre du Plan de réduction des émissions pour 2030. |
| 264 | 1|aOttawa : |bBureau du Directeur parlementaire du budget = Office of the Parliamentary Budget Officer, |c30 mars 2023. |
| 264 | 4|c©2023 |
| 300 | |a1 ressource en ligne (20 pages) |
| 336 | |atexte|btxt|2rdacontent/fre |
| 337 | |ainformatique|bc|2rdamedia/fre |
| 338 | |aressource en ligne|bcr|2rdacarrier/fre |
| 500 | |aPublié aussi en anglais sous le titre : A distributional analysis of the federal fuel charge under the 2030 Emissions Reduction Plan. |
| 500 | |a« RP-2223-028-S_f. » |
| 650 | 6|aClimat|xChangements|xAtténuation|xPolitique gouvernementale|zCanada. |
| 650 | 6|aGaz à effet de serre|xRéduction|xPolitique gouvernementale|zCanada. |
| 650 | 6|aTaxe sur le carbone|zCanada. |
| 710 | 1 |aCanada. |bBureau du Directeur parlementaire du budget, |eorganisme de publication. |
| 775 | 08|tA distributional analysis of the federal fuel charge under the 2030 Emissions Reduction Plan.|w(CaOODSP)9.922118 |
| 856 | 40|qPDF|s329 Ko|uhttps://publications.gc.ca/collections/collection_2023/dpb-pbo/YN5-264-2023-fra.pdf |